Zákony 2016 V. : úplné znění. Aktualizace V/4, X/2016
Record details
- ISSN: 1802-8322
- Physical Description: 40 stran ; 21 cm
- Publisher: Český Těšín : Poradce, s.r.o., 2016
Content descriptions
| General Note: | Název z obálky Poznámky |
| Formatted Contents Note: | Zákon č. 106/1999 Sb., o svobodném přístupu k informacím -- Zákon č. 365/2000 Sb., o informačních systémech veřejné správy |
Search for related items by subject
| Subject: | školství > právní aspekty > Česko právo na informace > Česko veřejná správa > Česko |
| Genre: | vyhlášky zákony |
| LDR | 02133nam a2200505 i 4500 | ||
|---|---|---|---|
| 001 | 24515 | ||
| 003 | CZ-PrJAB | ||
| 005 | 20170114103520.0 | ||
| 008 | 161103s2016 xr e cze | ||
| 022 | . | ‡a1802-8322 | |
| 035 | . | ‡a(CZ PrSKC)000745938 | |
| 040 | . | ‡aPNA001 ‡bcze ‡erda | |
| 043 | . | ‡ae-xr--- | |
| 072 | 7. | ‡a35 ‡xVeřejná správa ‡2Konspekt ‡915 | |
| 080 | . | ‡a342.727 ‡2MRF | |
| 080 | . | ‡a(437.3) ‡2MRF | |
| 080 | . | ‡a35 ‡2MRF | |
| 080 | . | ‡a351.851 ‡2MRF | |
| 080 | . | ‡a(094.5) ‡2MRF | |
| 080 | . | ‡a(094.58) ‡2MRF | |
| 110 | 1 | . | ‡aČesko ‡7ge128065 |
| 240 | 1 | 0. | ‡aZákon o svobodném přístupu k informacím (1999, novela 2016) |
| 245 | 1 | 0. | ‡aZákony 2016 V. : ‡búplné znění. ‡nAktualizace V/4, X/2016 |
| 246 | 3 | 3. | ‡aAktualizace k zákonům V/2016. Sešit 4 |
| 264 | 1. | ‡aČeský Těšín : ‡bPoradce, s.r.o., ‡c2016 | |
| 300 | . | ‡a40 stran ; ‡c21 cm | |
| 336 | . | ‡atext ‡btxt ‡2rdacontent | |
| 337 | . | ‡abez média ‡bn ‡2rdamedia | |
| 338 | . | ‡asvazek ‡bnc ‡2rdacarrier | |
| 500 | . | ‡aNázev z obálky | |
| 500 | . | ‡aPoznámky | |
| 505 | 2 | 0. | ‡tZákon č. 106/1999 Sb., o svobodném přístupu k informacím -- ‡tZákon č. 365/2000 Sb., o informačních systémech veřejné správy |
| 650 | 0 | 7. | ‡aškolství ‡7ph116829 ‡xprávní aspekty ‡zČesko ‡2czenas |
| 650 | 0 | 7. | ‡aprávo na informace ‡7ph124724 ‡zČesko ‡2czenas |
| 650 | 0 | 7. | ‡aveřejná správa ‡7ph127076 ‡zČesko ‡2czenas |
| 655 | 7. | ‡avyhlášky ‡7fd185965 ‡2czenas | |
| 655 | 7. | ‡azákony ‡7fd133886 ‡2czenas | |
| 710 | 1 | 2. | ‡aČesko. ‡tZákon o informačních systémech veřejné správy (2000, novela 2016) |
| 740 | 0 | 2. | ‡aZákon o sobodném přístupu k informacím |
| 740 | 0 | 2. | ‡aZákon o informačních systémech veřejné správy |
| 740 | 0 | 2. | ‡aVyhláška o krajských normativech |
| 740 | 0 | 2. | ‡aVyhláška o školských výchovných a ubytovacích zařízeních a školských účelových zařízeních |
| 740 | 0 | 2. | ‡aUpozornění na změnu: Zákon o ochraně osobních údajů, Zákon o evidenci obyvatel a rodných číslech, Školský zákon, Zákon o vysokých školách, Vyhláška o zájmovém vzdělávání |
| 910 | . | ‡aABG312 | |
| 901 | . | ‡a24515 ‡b ‡c24515 ‡tbiblio | |